|
|
|
|
| LEADER |
00000nam a22000007a 4500 |
| 005 |
2018051105065.0 |
| 007 |
cr|||| |||| |
| 008 |
180511s2018 es |||||s|||| 00||0 spa d |
| 020 |
|
|
|a 978-84-9148-586-5
|
| 035 |
|
|
|a 21632
|
| 040 |
|
|
|a vLex
|
| 090 |
|
|
|c 7940
|d 7940
|
| 100 |
1 |
|
|a Garca̕ Blanco, Mara̕ Još
|
| 245 |
1 |
2 |
|a El control externo por el tribunal de cuentas de los r̤ganos constitucionales y de relevancia constitucional
|h [Recurso electrn̤ico] /
|c Mara̕ Jos ̌Garca̕ Blanco
|
| 256 |
|
|
|a Servicio en ln̕ea
|
| 260 |
|
|
|a Madrid:
|b Dykinson,
|c 2018
|
| 300 |
|
|
|a 1 recurso electrn̤ico
|
| 506 |
1 |
|
|a Disponible solo en los productos indicados
|d vLex Global
|d vLex Global (Academic Edition, excluding Law Schools)
|d vLex Global (U.S. Academic Edition, Law Schools)
|d vLex Global (U.S. Academic Edition, excluding Law Schools)
|d vLex Global (Academic Edition, Law Schools)
|
| 650 |
0 |
4 |
|a Derecho Fiscal
|z Espaą
|
| 740 |
0 |
|
|a vLex Libros (Servicio en ln̕ea)
|
| 856 |
4 |
0 |
|u http://vlex.com/source/control-externo-tribunal-cuentas-organos-constitucionales-relevancia-constitucional-21632
|z Acceso restringido
|
| 942 |
|
|
|c BOOK
|
| 999 |
0 |
|
|a Tax Law
|